Normal view MARC view
  • Urvashi Vidhani - 2k181116 & Dr. Prashant Mamarde - Guide

Entry Personal Name

Number of records used in: 1

001 - CONTROL NUMBER

  • control field: 105113

003 - CONTROL NUMBER IDENTIFIER

  • control field: OSt

005 - DATE AND TIME OF LATEST TRANSACTION

  • control field: 20221007221543.0

008 - FIXED-LENGTH DATA ELEMENTS

  • fixed length control field: 221007|| aca||aabn | a|a d

040 ## - CATALOGING SOURCE

  • Original cataloging agency: OSt
  • Transcribing agency: OSt

100 ## - HEADING--PERSONAL NAME

  • Personal name: Urvashi Vidhani - 2k181116 & Dr. Prashant Mamarde - Guide

670 ## - SOURCE DATA FOUND

  • Source citation: Work cat.: (OSt)80013: Urvashi Vidhani - 2k181116 & Dr. Prashant Mamarde - Guide, Forex Requirment Of Corporate At Kotak Mahindra Bank Pune, 2019